[Event "European Youth Chess Championship B16"]
[Site "Prague, Top Hotel Prague"]
[Date "2012.08.19"]
[Round "3.27"]
[White "Szotkowski, Jakub"]
[Black "Pavelek, Tomas"]
[Result "1/2-1/2"]
[WhiteElo "2109"]
[BlackElo "1974"]
[PlyCount "97"]
[EventDate "2012.08.17"]

1. Nf3 d5 2. c4 d4 3. g3 Nc6 4. d3 e5 5. Bg2 Nf6 6. O-O a5 7. Nbd2 Bd6 8. Ng5
O-O 9. Nge4 Nxe4 10. Nxe4 Be7 11. f4 f5 12. Nf2 Bf6 13. Rb1 Ra6 14. b3 Re8 15.
a3 exf4 16. Bxf4 g5 17. Bd2 Qe7 18. Qc1 Ne5 19. b4 axb4 20. Bxb4 c5 21. Bd2 Qg7
22. Rb5 b6 23. Bh3 h5 24. Bg2 Kh8 25. Qb2 Bd8 26. Bc1 Bd7 27. a4 Ra7 28. Rxb6
Bxb6 29. Qxb6 Rxa4 30. Qxc5 Ra2 31. Re1 f4 32. Ne4 h4 33. Qb6 hxg3 34. hxg3
fxg3 35. Bxg5 Re6 36. Qxe6 Bxe6 37. Bf6 Bg4 38. Bxg7+ Kxg7 39. Nxg3 Rc2 40. Be4
Kf6 41. Kf2 Bf3 42. Ra1 Bxe4 43. Nxe4+ Kf5 44. Ra5 Kf4 45. Rxe5 Kxe5 46. Ng5
Kd6 47. Ne4+ Ke5 48. Ng3 Kd6 49. Ne4+ 1/2-1/2

[Event "European Youth Chess Championship B16"]
[Site "Prague, Top Hotel Prague"]
[Date "2012.08.19"]
[Round "3.28"]
[White "Slampa, Jan"]
[Black "Kanjaryan, Vladimir"]
[Result "1/2-1/2"]
[WhiteElo "1996"]
[BlackElo "2091"]
[PlyCount "50"]
[EventDate "2012.08.17"]

1. e4 c5 2. Nc3 Nc6 3. g3 g6 4. Bg2 Bg7 5. d3 e6 6. Nge2 d6 7. O-O Nge7 8. Bg5
h6 9. Be3 O-O 10. Qd2 Kh7 11. f4 Rb8 12. d4 cxd4 13. Nxd4 a6 14. f5 exf5 15.
exf5 Bxf5 16. Nxf5 Nxf5 17. Rxf5 gxf5 18. Qd3 Qc8 19. Bh3 Ne5 20. Bxf5+ Kh8 21.
Qf1 Qc6 22. Be4 Qd7 23. Bf5 Qc6 24. Be4 Qd7 25. Bf5 Qc6 1/2-1/2

[Event "European Youth Chess Championship B16"]
[Site "Prague, Top Hotel Prague"]
[Date "2012.08.19"]
[Round "3.29"]
[White "Magee, Ronan"]
[Black "Jozefek, Michal"]
[Result "1-0"]
[WhiteElo "1981"]
[BlackElo "2081"]
[PlyCount "139"]
[EventDate "2012.08.17"]

1. e4 c5 2. Nf3 a6 3. Nc3 b5 4. b3 e6 5. Be2 Bb7 6. d3 d6 7. O-O Nf6 8. Bg5 Be7
9. Qd2 Nc6 10. Rfe1 h6 11. Bh4 Qc7 12. Bf1 Rc8 13. Rac1 g5 14. Bg3 g4 15. e5
gxf3 16. exf6 Bxf6 17. Ne4 Be5 18. Bxe5 Nxe5 19. g3 Bxe4 20. Rxe4 f5 21. Rh4
Qg7 22. Re1 Kf7 23. Qe3 Rce8 24. c3 Ng6 25. Rh5 Qxc3 26. Rc1 Qb2 27. Re1 Ne5
28. h3 Kg6 29. Rh4 Qxa2 30. d4 cxd4 31. Rxd4 Qa3 32. Red1 Rd8 33. h4 Kf6 34.
Bh3 Qc5 35. b4 Qb6 36. Qf4 Ke7 37. h5 Nf7 38. Re1 Ng5 39. Bf1 Ne4 40. Rdxe4
fxe4 41. Qxe4 d5 42. Qh4+ Kd7 43. Bh3 Rde8 44. Qf6 Rh7 45. Qg6 Rhe7 46. Qxh6
Qd4 47. Qg6 Qxb4 48. Rd1 Qb3 49. Rd3 Qc4 50. Rxf3 b4 51. Bf1 Qc6 52. h6 Qb7 53.
Rf4 a5 54. h7 Rh8 55. Rh4 Kd6 56. Bd3 Rg7 57. Qf6 b3 58. Rh6 Qf7 59. Qd4 Qb7
60. Qf4+ Kd7 61. Qf6 Kc8 62. Qxe6+ Kb8 63. Qe5+ Ka8 64. Ra6+ Qxa6 65. Bxa6
Rgxh7 66. Qxd5+ Ka7 67. Qxa5 Rh1+ 68. Kg2 b2 69. Bd3+ Kb8 70. Qb6+ 1-0

[Event "European Youth Chess Championship B16"]
[Site "Prague, Top Hotel Prague"]
[Date "2012.08.19"]
[Round "3.30"]
[White "Cap, Adam"]
[Black "Kerdik, Adam"]
[Result "0-1"]
[WhiteElo "2074"]
[BlackElo "1966"]
[PlyCount "80"]
[EventDate "2012.08.17"]

1. e4 c5 2. Nf3 e6 3. g3 Nc6 4. Bg2 d6 5. d4 cxd4 6. Nxd4 a6 7. O-O Qc7 8. c4
Nf6 9. b3 Be7 10. Bb2 O-O 11. Nc3 Bd7 12. Re1 Nxd4 13. Qxd4 Bc6 14. Rad1 Rfd8
15. h3 b5 16. g4 Qb7 17. g5 e5 18. Qd2 Nh5 19. Bf3 Nf4 20. h4 bxc4 21. bxc4 Qc8
22. Ne2 Qh3 23. Nxf4 Qxf3 24. Nd5 Bxd5 25. Qxd5 Qg4+ 26. Kf1 Qxh4 27. c5 Rab8
28. Bc1 Rb5 29. Qc6 Rxc5 30. Qb7 Rc2 31. Rd2 Rxd2 32. Bxd2 Bxg5 33. Ba5 Rf8 34.
Rd1 Qh3+ 35. Ke1 Qh1+ 36. Ke2 Qh5+ 37. Ke1 Qg6 38. Bc7 Be7 39. Qxa6 Qxe4+ 40.
Kf1 h5 0-1

[Event "European Youth Chess Championship B16"]
[Site "Prague, Top Hotel Prague"]
[Date "2012.08.19"]
[Round "3.31"]
[White "Lekic, Lazar"]
[Black "Vanagas, Tadas"]
[Result "0-1"]
[WhiteElo "1972"]
[BlackElo "2067"]
[PlyCount "80"]
[EventDate "2012.08.17"]

1. e4 c5 2. Nf3 e6 3. d4 cxd4 4. Nxd4 a6 5. c4 Nf6 6. Nc3 d6 7. Be2 Qc7 8. Be3
b6 9. O-O Bb7 10. f3 Nbd7 11. Rc1 Be7 12. b4 O-O 13. a3 Rac8 14. Qd2 Qb8 15.
Rfd1 Bd8 16. Nb3 Bc7 17. Bf4 Ne5 18. Bxe5 dxe5 19. c5 Rcd8 20. Qe3 b5 21. a4
bxa4 22. Nxa4 Bc6 23. Rxd8 Rxd8 24. Nb6 Bxb6 25. cxb6 Bb7 26. Rc7 Rc8 27. Rxb7
Qxb7 28. Na5 Qd7 29. b7 Rb8 30. Qa7 Qd4+ 31. Qxd4 exd4 32. Bxa6 Nd7 33. Nc6 Re8
34. Nxd4 Nb8 35. b5 f6 36. Nc6 Kf7 37. Kf2 e5 38. Nb4 Rd8 39. b6 Rd4 40. Na2
Nxa6 0-1

[Event "European Youth Chess Championship B16"]
[Site "Prague, Top Hotel Prague"]
[Date "2012.08.19"]
[Round "3.32"]
[White "Navratil, Jiri"]
[Black "Walek, Petr"]
[Result "1-0"]
[WhiteElo "2066"]
[BlackElo "1952"]
[PlyCount "99"]
[EventDate "2012.08.17"]

1. e4 e5 2. Nf3 Nf6 3. Nxe5 d6 4. Nf3 Nxe4 5. Nc3 Nxc3 6. dxc3 Be7 7. Bf4 Nc6
8. Qd2 Be6 9. O-O-O Qd7 10. Kb1 a6 11. Nd4 Nxd4 12. cxd4 d5 13. Bd3 O-O-O 14.
Qa5 Qc6 15. Rhe1 Bf6 16. Qb4 Rhe8 17. Re3 Bg4 18. Rde1 Rxe3 19. Rxe3 Be6 20.
Bxh7 g6 21. Rc3 Qd7 22. Qb6 c6 23. Ra3 c5 24. Rxa6 Qc6 25. Qxc6+ bxc6 26. Rxc6+
Kd7 27. Rd6+ Ke7 28. Rxd8 Kxd8 29. dxc5 Ke8 30. Bd6 Be7 31. Bxe7 Kxe7 32. h4
Kf6 33. h5 Kg7 34. hxg6 fxg6 35. Bxg6 Kxg6 36. c6 Kf6 37. b4 Ke5 38. b5 Kd6 39.
a4 d4 40. Kb2 Kc5 41. f3 Bd5 42. g4 Bxf3 43. g5 Kb6 44. g6 Bd5 45. g7 Bg8 46.
Ka3 Kc7 47. Kb4 Bh7 48. Kc5 d3 49. cxd3 Bg8 50. b6+ 1-0

[Event "European Youth Chess Championship B16"]
[Site "Prague, Top Hotel Prague"]
[Date "2012.08.19"]
[Round "3.33"]
[White "Ragnarsson, Dagur"]
[Black "Kisic, Bozidar"]
[Result "0-1"]
[WhiteElo "1913"]
[BlackElo "2065"]
[PlyCount "90"]
[EventDate "2012.08.17"]

1. c4 b6 2. g3 Bb7 3. Nf3 c5 4. Bg2 Nf6 5. O-O Nc6 6. Nc3 e6 7. b3 Be7 8. Bb2
O-O 9. e3 d5 10. cxd5 exd5 11. d4 Re8 12. Rc1 Bf8 13. Nh4 Ba6 14. Re1 cxd4 15.
exd4 Rxe1+ 16. Qxe1 Nxd4 17. Qd2 Bc5 18. b4 Ne4 19. Nxe4 Ne2+ 20. Kh1 dxe4 21.
Rd1 Qxd2 22. Rxd2 Bxb4 23. Rd7 Bb5 24. Rd5 Bd3 25. Nf5 Rc8 26. Bh3 Bc4 27. Rd1
Be6 28. Bxg7 Rc1 29. Rxc1 Nxc1 30. Bd4 Nxa2 31. Kg2 Bc3 32. Be3 Nb4 33. Ne7+
Kf8 34. Bxe6 fxe6 35. Nc8 Nc6 36. Nd6 Bd4 37. Bh6+ Ke7 38. Nxe4 a5 39. Kf1 a4
40. Bc1 b5 41. Ke2 b4 42. Nd2 a3 43. Nb3 a2 44. Kd3 Na5 45. Nxd4 a1=Q 0-1

[Event "European Youth Chess Championship B16"]
[Site "Prague, Top Hotel Prague"]
[Date "2012.08.19"]
[Round "3.34"]
[White "Zakrzheuski, Vladislav"]
[Black "David, Alexandru-Vasile"]
[Result "0-1"]
[WhiteElo "1849"]
[BlackElo "2059"]
[PlyCount "146"]
[EventDate "2012.08.17"]

1. c4 Nf6 2. Nc3 g6 3. e4 e5 4. d3 Bg7 5. Be2 O-O 6. h4 Nc6 7. g4 Nd4 8. Bg5
Nxe2 9. Qxe2 h6 10. Be3 Ne8 11. h5 g5 12. f3 d6 13. Qd2 Be6 14. Nh3 c6 15. O-O
Nc7 16. Qe2 d5 17. Nb1 Qd7 18. Na3 Rfd8 19. Rfd1 Bf8 20. Nc2 f6 21. Nf2 Be7 22.
a3 Qe8 23. Rdc1 dxe4 24. dxe4 Qf7 25. Ne1 Rd7 26. Rc3 a5 27. Rac1 Na6 28. Ned3
Kg7 29. Kg2 Qf8 30. Rd1 Qf7 31. Rdc1 c5 32. b3 b6 33. a4 Nb8 34. Rd1 Nc6 35.
Rcc1 Re8 36. Rd2 Bd6 37. Rcd1 Bb8 38. Nh1 Rdd8 39. Rc1 Qc7 40. Kg1 Nd4 41. Bxd4
exd4 42. Qg2 Bf7 43. Qh3 Re7 44. Re2 Rde8 45. Rce1 Kh7 46. Kf1 Qd6 47. Kg1 Bc7
48. Kg2 b5 49. axb5 a4 50. Ng3 Qxg3+ 51. Qxg3 Bxg3 52. Kxg3 axb3 53. Nxc5 Bxc4
54. Rb2 Rb8 55. Rc1 Bf7 56. Nd3 Rxb5 57. Rc6 Ra7 58. Nc1 Kg7 59. Nd3 Ra2 60.
Rc7 Kf8 61. Rb1 Rd2 62. Ra1 Ra2 63. Rb1 Rd2 64. Ra1 b2 65. Ra8+ Kg7 66. Raa7
b1=Q 67. Rxf7+ Kg8 68. Rg7+ Kf8 69. Rgf7+ Ke8 70. Rae7+ Kd8 71. Rd7+ Kc8 72.
Rc7+ Kb8 73. Nc1 Qb2 0-1

[Event "European Youth Chess Championship B16"]
[Site "Prague, Top Hotel Prague"]
[Date "2012.08.19"]
[Round "3.35"]
[White "Machan, Jan"]
[Black "Oliver, Martin"]
[Result "1-0"]
[WhiteElo "2055"]
[BlackElo "1838"]
[PlyCount "77"]
[EventDate "2012.08.17"]

1. d4 Nf6 2. c4 g6 3. g3 Bg7 4. Bg2 O-O 5. Nc3 d6 6. Nf3 Nc6 7. O-O a6 8. Bf4
Rb8 9. Rc1 Nd7 10. Qd2 Re8 11. Rfd1 e5 12. dxe5 dxe5 13. Bg5 f6 14. Be3 Nf8 15.
Nd5 Bf5 16. Nh4 Ne6 17. Nxf5 gxf5 18. Bh6 e4 19. Be3 Qd6 20. Bh3 Qe5 21. Qc3
Rf8 22. f4 exf3 23. exf3 Ng5 24. Bg2 Qd6 25. Nb6 Nd4 26. Qxd4 Qxd4 27. Bxd4
cxb6 28. Bxb6 Rf7 29. h4 Ne6 30. Bh3 Bh6 31. f4 Bf8 32. Bxf5 Bc5+ 33. Bxc5 Nxc5
34. b4 Na4 35. Be6 Re8 36. Bxf7+ Kxf7 37. Rd7+ Kg6 38. Rxb7 Re2 39. c5 1-0

[Event "European Youth Chess Championship B16"]
[Site "Prague, Top Hotel Prague"]
[Date "2012.08.19"]
[Round "3.36"]
[White "Shpakovsky, Kirill"]
[Black "Starcevs, Dmitrijs"]
[Result "0-1"]
[WhiteElo "1760"]
[BlackElo "2052"]
[PlyCount "54"]
[EventDate "2012.08.17"]

1. e4 c5 2. Nf3 d6 3. d4 cxd4 4. Nxd4 Nf6 5. Nc3 a6 6. Bg5 e6 7. f4 Qb6 8. Qd2
Qxb2 9. Rb1 Qa3 10. e5 h6 11. Bxf6 gxf6 12. Ne4 fxe5 13. Nf6+ Ke7 14. fxe5 dxe5
15. Nf5+ Kxf6 16. Rb3 Qxb3 17. cxb3 exf5 18. Bc4 Nc6 19. O-O Be6 20. Qf2 h5 21.
Qh4+ Kg6 22. Bd3 Bh6 23. Rf3 Bf4 24. Qf2 Rad8 25. g3 e4 26. Bxe4 Rd1+ 27. Kg2
Rd2 0-1

[Event "European Youth Chess Championship B16"]
[Site "Prague, Top Hotel Prague"]
[Date "2012.08.19"]
[Round "3.40"]
[White "Grandadam, Patrik"]
[Black "Rauramaa, Julius"]
[Result "1/2-1/2"]
[WhiteElo "2237"]
[BlackElo "2006"]
[PlyCount "83"]
[EventDate "2012.08.17"]

1. Nf3 c5 2. c4 Nf6 3. d4 cxd4 4. Nxd4 Nc6 5. Nc3 g6 6. e4 Bg7 7. Be3 O-O 8.
Be2 b6 9. O-O Bb7 10. f3 Nh5 11. Nxc6 dxc6 12. f4 Nf6 13. e5 Nd7 14. Bg4 e6 15.
Qd6 Nb8 16. Rfd1 Na6 17. Bf3 Qxd6 18. Rxd6 Rfd8 19. Rad1 Rxd6 20. Rxd6 Bf8 21.
Rd7 Nc5 22. Rc7 Rc8 23. Rxc8 Bxc8 24. Bxc6 Nd3 25. b3 g5 26. fxg5 Nxe5 27. Be4
Bd7 28. h3 Bc6 29. Bd4 Bg7 30. Kh1 Nd3 31. Bxc6 Bxd4 32. Nb5 Bc5 33. Nxa7 Nc1
34. Bf3 Nxa2 35. g3 Kg7 36. h4 f6 37. gxf6+ Kxf6 38. Nc6 Nb4 39. Na7 Ke5 40.
Nb5 Nc2 41. Bd1 Ne3 42. Be2 1/2-1/2

[Event "European Youth Chess Championship B16"]
[Site "Prague, Top Hotel Prague"]
[Date "2012.08.19"]
[Round "3.41"]
[White "Melichar, Vojtech"]
[Black "Sosovicka, Matej"]
[Result "1/2-1/2"]
[WhiteElo "1737"]
[BlackElo "2040"]
[PlyCount "81"]
[EventDate "2012.08.17"]

1. e4 e6 2. d4 d5 3. exd5 exd5 4. Bd3 Bd6 5. Nc3 c6 6. Nge2 Bg4 7. f3 Bh5 8.
Be3 Ne7 9. Qd2 Nd7 10. g4 Bg6 11. O-O-O Qc7 12. h4 Bxd3 13. Qxd3 h5 14. Rdg1 g6
15. Qd2 O-O-O 16. Nf4 Nb6 17. Nce2 Nc4 18. Qd3 Nxe3 19. Qxe3 c5 20. Nd3 c4 21.
Ndf4 hxg4 22. fxg4 Qa5 23. Kb1 Nc6 24. h5 Rde8 25. Qf3 Qd2 26. Rd1 Qe3 27. Rh3
Qxf3 28. Rxf3 g5 29. Nxd5 Rxe2 30. Rxf7 Re4 31. Rf6 Bf4 32. Nxf4 Rxf4 33. Rxf4
gxf4 34. Rf1 Nxd4 35. Rxf4 Ne6 36. Rxc4+ Kd7 37. Rb4 b6 38. Ra4 a5 39. b4 axb4
40. Rxb4 Kc6 41. Re4 1/2-1/2

[Event "European Youth Chess Championship B16"]
[Site "Prague, Top Hotel Prague"]
[Date "2012.08.19"]
[Round "3.42"]
[White "Popov, Kirill"]
[Black "Urbanc, Peter"]
[Result "0-1"]
[WhiteElo "2037"]
[BlackElo "1931"]
[PlyCount "58"]
[EventDate "2012.08.17"]

1. e4 e5 2. Nf3 Nc6 3. Bb5 f5 4. d3 fxe4 5. dxe4 Nf6 6. O-O Bc5 7. Qe2 Qe7 8.
Nc3 d6 9. Qc4 a6 10. Ba4 b5 11. Nxb5 axb5 12. Bxb5 Bd7 13. Bg5 Na5 14. Bxd7+
Qxd7 15. Qc3 Nxe4 16. Qe1 Nxg5 17. Nxg5 Nc6 18. Qe4 d5 19. Qd3 Be7 20. Nxh7 e4
21. Qg3 O-O-O 22. Qg6 Bd6 23. f4 exf3 24. Qd3 Bc5+ 25. Kh1 fxg2+ 26. Kxg2 Qg4+
27. Kh1 Nb4 28. Qa3 Qe4+ 29. Rf3 Rxh7 0-1

[Event "European Youth Chess Championship B16"]
[Site "Prague, Top Hotel Prague"]
[Date "2012.08.19"]
[Round "3.44"]
[White "Hrdina, Robin"]
[Black "Thorpe, Thomas"]
[Result "1-0"]
[WhiteElo "2024"]
[BlackElo "1829"]
[PlyCount "65"]
[EventDate "2012.08.17"]

1. e4 c5 2. Nf3 Nc6 3. Bb5 g6 4. O-O Bg7 5. c3 Nf6 6. Re1 O-O 7. d3 d6 8. Bxc6
bxc6 9. h3 Rb8 10. c4 Nd7 11. Nc3 Qa5 12. Qc2 Ne5 13. Nh2 f6 14. Bd2 Qc7 15. b3
f5 16. f4 Nf7 17. Rf1 Nd8 18. Rae1 Ne6 19. Ne2 Nd4 20. Nxd4 Bxd4+ 21. Kh1 fxe4
22. dxe4 e6 23. Nf3 Bg7 24. Be3 a5 25. e5 dxe5 26. fxe5 Bxe5 27. Nxe5 Rxf1+ 28.
Rxf1 Qxe5 29. Bh6 Ba6 30. Qf2 Qf5 31. Qe2 Qd5 32. Qf2 Qf5 33. Qe1 1-0

[Event "European Youth Chess Championship B16"]
[Site "Prague, Top Hotel Prague"]
[Date "2012.08.19"]
[Round "3.45"]
[White "Skalicky, Tomas"]
[Black "Liduch, Filip"]
[Result "1/2-1/2"]
[WhiteElo "2022"]
[BlackElo "1683"]
[PlyCount "81"]
[EventDate "2012.08.17"]

1. d4 Nf6 2. Nf3 e6 3. g3 d5 4. Bg2 Be7 5. c4 c6 6. O-O O-O 7. Qc2 Nbd7 8. b3
b6 9. Nc3 Bb7 10. e4 dxe4 11. Nxe4 c5 12. Nxf6+ Bxf6 13. Ng5 Bxg5 14. Bxg5 Qxg5
15. Bxb7 Rad8 16. d5 exd5 17. Bxd5 Nf6 18. f4 Qg6 19. Qxg6 hxg6 20. Rad1 Nxd5
21. cxd5 Rfe8 22. Kf2 Kf8 23. Kf3 Ke7 24. h4 Kd6 25. Rfe1 Rxe1 26. Rxe1 Rc8 27.
Kg4 b5 28. f5 gxf5+ 29. Kxf5 c4 30. bxc4 bxc4 31. Rc1 c3 32. h5 g6+ 33. hxg6
fxg6+ 34. Kxg6 Rg8+ 35. Kf5 Rxg3 36. Ke4 Rg4+ 37. Kd3 Kxd5 38. Rxc3 Rg3+ 39.
Kc2 Rxc3+ 40. Kxc3 Kc5 41. Kb3 1/2-1/2

[Event "European Youth Chess Championship B16"]
[Site "Prague, Top Hotel Prague"]
[Date "2012.08.19"]
[Round "3.46"]
[White "Vaculik, Jakub"]
[Black "Shen, Yue"]
[Result "0-1"]
[WhiteElo "1850"]
[BlackElo "2139"]
[PlyCount "116"]
[EventDate "2012.08.17"]

1. d4 Nf6 2. Nf3 e6 3. c4 b6 4. Nc3 Bb7 5. Bg5 h6 6. Bh4 Be7 7. e3 Ne4 8. Bxe7
Qxe7 9. Bd3 Nxc3 10. bxc3 c5 11. O-O d6 12. Nd2 Nc6 13. a4 O-O 14. Nb3 Qc7 15.
f4 Rab8 16. Qh5 cxd4 17. exd4 Ne7 18. Nd2 d5 19. Qe5 Rfc8 20. a5 dxc4 21. Qxc7
Rxc7 22. axb6 axb6 23. Nxc4 Bd5 24. Ne5 Rxc3 25. Rfc1 Rxc1+ 26. Rxc1 f6 27. Ng6
Nxg6 28. Bxg6 b5 29. f5 Be4 30. Rc7 b4 31. Bf7+ Kh7 32. fxe6 b3 33. e7 b2 34.
Ba2 Ra8 35. Ra7 Re8 36. d5 Bxd5 37. Bb1+ Kg8 38. Rd7 Bc6 39. Rd2 Rxe7 40. Rxb2
Bd5 41. Bg6 Rb7 42. Rd2 Rb5 43. Kf2 Kf8 44. g3 Ke7 45. Bd3 Ra5 46. Bf5 Bc6 47.
Bg4 Rg5 48. Bc8 Rh5 49. h4 Ra5 50. Bh3 Ra3 51. Bg2 Bb5 52. Rb2 Bd7 53. Bf3 f5
54. Re2+ Kf6 55. Rd2 Be6 56. Rb2 Ra4 57. Ke3 Ra5 58. Rb7 Ra3+ 0-1

[Event "European Youth Chess Championship B16"]
[Site "Prague, Top Hotel Prague"]
[Date "2012.08.19"]
[Round "3.47"]
[White "Binder, Moriz"]
[Black "Aartun, Eivind"]
[Result "1-0"]
[WhiteElo "1986"]
[BlackElo "1826"]
[PlyCount "81"]
[EventDate "2012.08.17"]

1. d4 Nf6 2. c4 c5 3. d5 e6 4. Nc3 exd5 5. cxd5 d6 6. e4 g6 7. f4 Bg7 8. Nf3
O-O 9. Bd3 Re8 10. O-O a6 11. a4 Bg4 12. Qe1 Nbd7 13. Nd2 Nb6 14. Qg3 h5 15. a5
Nc8 16. h3 Bd7 17. e5 Nh7 18. Nf3 Ne7 19. Nh4 dxe5 20. fxe5 Bxe5 21. Bf4 Bxf4
22. Rxf4 Rf8 23. d6 Nc6 24. Nxg6 Qg5 25. Qxg5 Nxg5 26. Nxf8 Rxf8 27. Nd5 Bxh3
28. Nf6+ Kh8 29. Rh4 Ne5 30. Rxh5+ Kg7 31. Rf1 Ngf3+ 32. Rxf3 Nxf3+ 33. gxf3
Kxf6 34. Rxh3 Ke6 35. Rh6+ f6 36. Be4 Rb8 37. Rh5 b6 38. Rd5 bxa5 39. d7 Rd8
40. Rxc5 Rxd7 41. Bf5+ 1-0

[Event "European Youth Chess Championship B16"]
[Site "Prague, Top Hotel Prague"]
[Date "2012.08.19"]
[Round "3.48"]
[White "Novotny, Ales"]
[Black "Hochshtad, Eyal"]
[Result "0-1"]
[WhiteElo "1794"]
[BlackElo "1958"]
[PlyCount "49"]
[EventDate "2012.08.17"]

1. c4 e5 2. g3 Nf6 3. Bg2 c6 4. d4 exd4 5. Qxd4 d5 6. cxd5 cxd5 7. Bg5 Be7 8.
Nf3 Nc6 9. Qa4 Qb6 10. Nbd2 O-O 11. O-O Bf5 12. Qb3 Qa6 13. e3 Rac8 14. Rfe1
Na5 15. Qa4 Bc2 16. Nb3 b6 17. Bf1 Qb7 18. Nxa5 bxa5 19. Qd4 h6 20. Bh4 Bc5 21.
Qf4 Ne4 22. Bh3 Bd6 23. Qg4 Qxb2 24. Nd4 Nxf2 25. Qf5 0-1

[Event "European Youth Chess Championship B16"]
[Site "Prague, Top Hotel Prague"]
[Date "2012.08.19"]
[Round "3.50"]
[White "Chalabi, Max"]
[Black "Dereshki, Dario"]
[Result "0-1"]
[WhiteElo "1680"]
[BlackElo "1938"]
[PlyCount "76"]
[EventDate "2012.08.17"]

1. e4 c6 2. d4 d5 3. exd5 cxd5 4. Bd3 Nc6 5. c3 Nf6 6. Bf4 g6 7. Nd2 Bg7 8.
Ngf3 O-O 9. O-O Nh5 10. Bg5 f6 11. Bh4 Qd6 12. c4 Be6 13. Re1 Bf7 14. c5 Qc7
15. Nb3 e5 16. dxe5 fxe5 17. Ng5 e4 18. Be2 Bxb2 19. Rb1 Bc3 20. Rf1 Nf4 21.
Bb5 h6 22. Nxf7 Qxf7 23. Bg3 Rad8 24. Nd2 Nd4 25. Kh1 Qe7 26. Ba4 Nde2 27. Bxf4
Nxf4 28. Nb3 Be5 29. g3 Nd3 30. Qd2 g5 31. Nc1 Nxc5 32. Qb4 Bd6 33. Bc2 Rf7 34.
Qd4 Be5 35. Qd2 Qf6 36. Nb3 Ne6 37. Rbe1 Qf3+ 38. Kg1 Bc3 0-1

[Event "European Youth Chess Championship B16"]
[Site "Prague, Top Hotel Prague"]
[Date "2012.08.19"]
[Round "3.51"]
[White "Hros, Roman"]
[Black "Meisch, Tanguy"]
[Result "0-1"]
[WhiteElo "1935"]
[BlackElo "1748"]
[PlyCount "48"]
[EventDate "2012.08.17"]

1. Nf3 d5 2. b3 Nc6 3. c4 d4 4. g3 e5 5. d3 Bb4+ 6. Bd2 Bf5 7. Bg2 Qe7 8. O-O
Bxd2 9. Nbxd2 Nf6 10. a3 O-O 11. b4 a6 12. Nb3 Rfd8 13. Nc5 b6 14. Nh4 bxc5 15.
Bxc6 Bh3 16. Bxa8 Bxf1 17. Bb7 Bh3 18. Qa4 Rb8 19. Qxa6 cxb4 20. Nf3 Nd7 21.
Bc6 Qd6 22. Nd2 Qh6 23. Ne4 bxa3 24. Qxa3 Qxc6 0-1

[Event "European Youth Chess Championship B16"]
[Site "Prague, Top Hotel Prague"]
[Date "2012.08.19"]
[Round "3.52"]
[White "Hanl, Frantisek"]
[Black "Pricopie, Stefan"]
[Result "1/2-1/2"]
[WhiteElo "1911"]
[BlackElo "1616"]
[PlyCount "103"]
[EventDate "2012.08.17"]

1. e4 c6 2. d4 d5 3. e5 Bf5 4. Nc3 e6 5. g4 Bg6 6. Nge2 h6 7. h4 c5 8. Nf4 Bh7
9. Be3 Qb6 10. Na4 Qa5+ 11. c3 c4 12. b4 Qc7 13. Nh5 b5 14. Nc5 a5 15. a3 Qa7
16. Bg2 axb4 17. cxb4 Nc6 18. Qd2 Bxc5 19. dxc5 O-O-O 20. O-O Qa4 21. Ra2 d4
22. Bxc6 c3 23. Qc1 Qb3 24. Ra1 d3 25. Bd2 cxd2 26. Qxd2 Qc4 27. Bf3 Ne7 28. a4
Be4 29. Qe3 Rd4 30. Rfc1 Qd5 31. Bxe4 Rxe4 32. Qf3 d2 33. Rd1 Rd8 34. axb5 Re1+
35. Kg2 Qxf3+ 36. Kxf3 Rxd1 37. Rxd1 Rd4 38. Ke3 Rxg4 39. Rxd2 Nd5+ 40. Kf3
Rxh4 41. Nxg7 Rxb4 42. Ne8 Kd7 43. Nd6 f6 44. Ra2 fxe5 45. Ra7+ Kd8 46. c6 Nc7
47. Rb7 Rd4 48. Nf7+ Kc8 49. b6 Rf4+ 50. Kg3 Rxf7 51. Ra7 Kb8 52. Rb7+ 1/2-1/2